| Tag |
First Indicator |
Second Indicator |
Subfields |
| LEADER |
00000cam a2200000 a 4500 |
| 001 |
in00000084500 |
| 005 |
20151008061418.0 |
| 008 |
820219s1981 nyua b 00000 eng |
| 010 |
|
|
|a 81051717
|
| 020 |
|
|
|a 084780416X :
|c $30.00
|
| 035 |
|
|
|a (OCoLC)08142129
|
| 035 |
|
|
|9 AAJ8004AM
|
| 039 |
0 |
|
|a 2
|b 3
|c 3
|d 3
|e 3
|
| 040 |
|
|
|a DLC
|c DLC
|d TXA
|d UtOrBLW
|
| 043 |
|
|
|a n-us-ny
|
| 049 |
|
|
|a TXAM
|c [1561400]
|
| 050 |
0 |
0 |
|a NA2300.C635
|b M3
|
| 082 |
0 |
|
|a 720/.7/117471
|2 19
|
| 245 |
0 |
4 |
|a The Making of an architect, 1881-1981 :
|b Columbia University in the City of New York /
|c edited by Richard Oliver.
|
| 264 |
|
1 |
|a New York :
|b Rizzoli,
|c 1981.
|
| 300 |
|
|
|a vii, 263 pages :
|b illustrations (some color) ;
|c 29 cm.
|
| 336 |
|
|
|a text
|b txt
|2 rdacontent
|
| 337 |
|
|
|a unmediated
|b n
|2 rdamedia
|
| 338 |
|
|
|a volume
|b nc
|2 rdacarrier
|
| 504 |
|
|
|a Includes bibliographical references.
|
| 610 |
2 |
0 |
|a Columbia University.
|b Graduate School of Architecture and Planning.
|
| 700 |
1 |
|
|a Oliver, Richard,
|d 1942-
|
| 999 |
|
|
|a MARS
|
| 999 |
f |
f |
|s a92bb27f-a7d0-36b5-88c3-5c0ef3720507
|i 49daa3a8-6897-3bb8-a634-15570cecb996
|t 0
|
| 952 |
f |
f |
|p ric
|a Texas A&M University
|b Rellis Campus
|c Joint Library Facility
|d Remote Storage
|t 0
|e NA2300.C635 M3
|h Library of Congress classification
|i unmediated -- volume
|m A14806167962
|
| 998 |
f |
f |
|a NA2300.C635 M3
|t 0
|l Remote Storage
|